Edice tradiční lidové hudby Ústavu lidového umění ve Strážnici 1979-1981. III

Korporativní autor: Mužský sbor z Hrubé Vrbky
Další autoři: Ženský sbor z Milotic, Muzika Jury Petrů
Jazyk: Čeština
Vydáno: Strážnice : Ústav lidové kultury, c2002
Edice: Edice tradiční lidové tvorby
Témata:
Fyzický popis: 1 zvuková deska (61:29) : digital ; 12 cm + 1 brožura [16 s.]
Zvukové nahrávky
Uloženo v:
LEADER 02438njm a2200433 a 4500
001 000697775
003 CZ BrMZK
005 20031210095221.0
007 sd fsngnnmmned
008 031124s2002 xr fm f cze d
028 0 1 |b Ústav lidové kultury 
040 |a BOA001  |b cze 
047 |a fm 
080 |a 78.031.4  |2 MRF 
080 |a (086.76)  |2 MRF 
245 0 0 |a Edice tradiční lidové hudby Ústavu lidového umění ve Strážnici  |h [zvukový záznam] :  |b 1979-1981.  |n III 
260 |a Strážnice :  |b Ústav lidové kultury,  |c c2002 
300 |a 1 zvuková deska (61:29) :  |b digital ;  |c 12 cm +  |e 1 brožura [16 s.] 
306 |a 010129 
490 1 |a Edice tradiční lidové hudby ;  |v III 
500 |a Dokument nemá objednací číslo 
500 |a Text v brožuře česky a anglicky 
500 |a Nahráno 5. března 1970 (1-8), fv Čs. rozhlase v Brně 21.prosince 1979 (9-14), 27. února 1981 (15-21) a 27. února 1981 (22-25) 
500 |a Kompilace 
500 |a Kompaktní deska 
505 2 0 |t Smutná noc --  |t Kokrhaj, kohútku --  |t Těžký je ten kameň mlýnský --  |t Nejednú mamulenka --  |t Dybych já věděla --  |t Sedajte, drúžky, za stoly --  |t Vyletěla holubička --  |t Mladičká manželko --  |t Včera's byla --  |t Kopa sena --  |t Dones nám, ženichu --  |t Čí je svatbička --  |t Chodí hlásný --  |t Zasadil sem --  |t Pod Slavkovem --  |t Dyby sa zlámala --  |t Ztratila sem notu --  |t Ja, čí sú to kačeny --  |t Zahraj ně, muziko --  |t Okolo Milotic --  |t Hrušky zrály --  |t Hory, hory, horyčky --  |t To vrbecké širé pole --  |t Dycky sem si myslel --  |t A tam hore pri urbine --  |t Vím já jeden hájíček --  |t Rybářé, rybářé --  |t Ze dvora, z kopečka --  |t Robota, robota 
511 0 |a Ženský sbor z Milotic; Muzika Jury Petrů z Kyjova; Mužské sbory z Hrubé Vrby a Petrova ... [et al.] 
650 0 7 |a lidová hudba  |7 ph122303  |y 1971-1980  |2 czenas 
650 0 7 |a lidová hudba  |7 ph122303  |y 1981-1990  |2 czenas 
650 0 4 |a lidová hudba (mužský sbor, cimbálová muzika) 
650 4 |a lidová hudba (ženský sbor, cimbálová muzika) 
655 7 |a kompaktní desky  |7 fd201991  |2 czenas 
710 2 |a Mužský sbor z Hrubé Vrbky 
710 2 |a Ženský sbor z Milotic 
710 2 |a Muzika Jury Petrů  |7 kn20040127005 
830 0 |a Edice tradiční lidové tvorby 
910 |a BOA001  |b CD-0011.310,3 
990 |a AV 
996 6 |b 261H012413  |c CD-0011.310,3  |l MZK  |r Sklad / do 24 hodin  |n 1  |w 000697775  |u 000010  |a 1  |e BOA001  |j MZK50  |s P